बकिमचन्द्र चट्टोपाध्याय के निबन्ध (Record no. 1018363)

MARC details
000 -LEADER
fixed length control field 01228nam a2200277Ia 4500
003 - CONTROL NUMBER IDENTIFIER
control field OSt
005 - DATE AND TIME OF LATEST TRANSACTION
control field 20221005110307.0
008 - FIXED-LENGTH DATA ELEMENTS--GENERAL INFORMATION
fixed length control field 221004b |||||||| |||| 00| 0 hin d
020 ## - INTERNATIONAL STANDARD BOOK NUMBER
International Standard Book Number 9788185999777 (hbk)
037 ## - SOURCE OF ACQUISITION
Terms of availability Textual
040 ## - CATALOGING SOURCE
Original cataloging agency CRL
Transcribing agency CRL
Language of cataloging hin
041 ## - LANGUAGE CODE
Source of code hin
Language code of text/sound track or separate title hin
100 ## - MAIN ENTRY--PERSONAL NAME
Personal name चट्टोपाध्याय, बकिमचन्द्र
245 #0 - TITLE STATEMENT
Title बकिमचन्द्र चट्टोपाध्याय के निबन्ध
Remainder of title एक संकलन
246 ## - VARYING FORM OF TITLE
Title proper/short title Bakimachandra chaṭṭopādhyāya ke nibandha: ek sankalana
260 ## - PUBLICATION, DISTRIBUTION, ETC.
Place of publication, distribution, etc. नई दिल्ली
Name of publisher, distributor, etc. स्वराज प्रकाशन भारत
Date of publication, distribution, etc. 2010
300 ## - PHYSICAL DESCRIPTION
Extent 304पृ0
Dimensions cm.
650 ## - SUBJECT ADDED ENTRY--TOPICAL TERM
Topical term or geographic name entry element बंगाली साहित्य
700 ## - ADDED ENTRY--PERSONAL NAME
Personal name गुप्ता, रूपा, संपा.
942 ## - ADDED ENTRY ELEMENTS (KOHA)
Classification part O157,6M38x, 152Q0
Koha item type Textual
Source of classification or shelving scheme
Holdings
Withdrawn status Lost status Damaged status Not for loan Home library Current library Date acquired Source of acquisition Cost, normal purchase price Total Checkouts Full call number Barcode Date last seen Cost, replacement price Price effective from Koha item type Public note
        Central Library Central Library 2022-10-05 147, 29/08/2013, Swaraj Prakashan 990.00   O157,6M38x 152Q0 CL1564185 2022-10-05 990.00 2022-10-05 Textual Translated from Bengali to Hindi
Copyright @ Delhi University Library System